000 00655nam a2200241Ia 4500
003 OSt
005 20221007073417.0
006 a|||||r|||| 00| 0
007 ta
008 221006b |||||||| |||| 00| 0 eng d
024 _a28,751
037 _cTextual
040 _aFLL
_cFLL
_beng
041 _2eng
_aeng
082 _aZQ2:121qN55:9, K4;2
100 _aSaksena Kashi Prasad
_991006
245 0 _aHindu marriage act
250 _a3rd
260 _aLucknow
_bEastern Book Company India
_c1964
300 _axliv,ccivp
_ccm.
942 _hZQ2:121qN55:9, K4;2
_cTEXL
_2CC
999 _c1148650
_d1148650